000 01018nam a22002897a 4500
999 _c922
_d922
001 000859
003 CoMeUDC000859
005 20190121235754.0
008 000925s1996 ck | ||| ||spa
016 7 _abimoBNE20001852174
_2SpMaBN
020 _a9589289096
035 _a(OCoLC)433154061
040 _aSpMaBN
_bspa
_cCoMeUDC
_erdc
080 0 _a811.134.2'373.6
080 0 _a811.134.2'373.45
082 _a412
_bS486
100 1 _aSerna M., J. Alberto
245 1 0 _aCómo enriquecer nuestro vocabulario mediante el estudio de las raíces latinas /
_h[Texto impreso]
_cJ. Alberto Serna M.
260 _aSantafé de Bogotá (Colombia) :
_bIdioma ;
_c[1996] .
300 _a834 p.
_c23 cm
490 0 _aSerie de lexicografía, ortografía y redacción
_v8
650 7 _aLengua española
_xRaíces latinas
_2embne
650 7 _aLengua española
_xLatinismos
_2embne
942 _2ddc
_cBK
956 _a1
980 _a958-9289-09-6
_aM-BN
_bBNMADRID
_j9/201384
_uSello de la Biblioteca Nacional de Colombia
_cSG_RECOLET